Game of Thrones References on Other Shows Quiz Stats

Quiz Updated Apr 11, 2015

Challenge
Share
Tweet
Score 0/25 Timer 10:00
3 Plays Today
% Correct
The Simpsons
98.4%
South Park
98.3%
How I Met Your Mother
95.5%
The Office
87.8%
The Big Bang Theory
87.7%
Futurama
85.4%
30 Rock
76.8%
The Daily Show with Jon Stewart
70.6%
Bob's Burgers
68.4%
Community
67%
The Colbert Report
63.8%
Family Guy
63.2%
Castle
57.6%
% Correct
The Mindy Project
56.6%
New Girl
47.8%
Parks and Recreation
43.8%
Saturday Night Live
43.8%
Suits
34.8%
The IT Crowd
30.6%
Veep
29.7%
Chuck
28%
Pretty Little Liars
27.1%
Elementary
19.5%
Venture Bros.
14.7%
Bunheads
6.3%

You're not logged in!

Compare scores with friends on all Sporcle quizzes.
Sign Up with Email
OR
Log In

You Might Also Like...

Show Comments

Extras

Top Quizzes Today


Score Distribution

Your Account Isn't Verified!

In order to create a playlist on Sporcle, you need to verify the email address you used during registration. Go to your Sporcle Settings to finish the process.